Регионална библиотека "Любен Каравелов" - Русе

Бъдещето на човека (Запис номер 110866)

MARC детайли
000 -Лидер
Контролно поле с фиксирана дължина 01978nam a2200397 c 4500
003 - Код на организацията, давaща контролен номер
Контролно поле BLK
005 - Дата и час на последна редакция
Контролно поле 20180422110006.0
008 - Елементи от данни с фиксирана дължина
fixed length control field 180409b bul|||||r ||||||| ||bul||
010 ## - Наследен системен номер
LC control number KNG00116198000
020 ## - Международен стандартен номер на книга ISBN
Международен стандартен номер на книга ISBN 954-739-293-Х
-- издат.: Захарий Стоянов
040 ## - Източник на каталожния запис
Идентификатор на билиотеката - собственик на записа BLK
041 ## - Код за език
Код за езика на текст/звукозапис или на отделно заглавие Български
Код за езика КДБФ Български
080 ## - УДК
Текстов определител УДК Схоластична философия. Терминизъм. Концептуализъм. Неосхоластицизъм. Философска антропология
УДК код - определител по УДК 141.31
УДК определител
УДК - код + определител 141.31
080 ## - УДК
Текстов определител УДК Философски системи според отношението към проблема за бога -Теизъм. Деизъм. Пантеизъм. Акосмизъм. Панентеизъм. Атеизъм. Вж и 211
УДК код - определител по УДК 141.4
УДК определител
УДК - код + определител 141.4
100 1# - Редна дума - Автор
Автор Шарден, Пиер Тейяр дьо
Авторска отговорност първи автор
R(LIN) 256333
139 ## - Редно поле
Редна дума Шарден, Пиер Тейяр дьо
Авторски знак Шарап - Ш 34
245 10 - Сведения за заглавието
Заглавие Бъдещето на човека
Редно поле (дума) Пиер Тейяр дьо Шарден; прев. Ерма Албертова Гечева.
257 ## - Страна на издаване
Страна на създаване/издаване Франция
260 ## - Област на издателските данни
-- София
Име на издателя, разпространителя и проч. Захарий Стоянов
Година на издаване 2003
Печатница София : Образование и наука
300 ## - Физическа характеристика
Страници 304 с.
Размери/Мащаб 20 см
380 ## - Жанр
Жанр Философия
490 1# - СЕРИИ (Колекции)
Име на серия Поредица Философия и човек
500 ## - Общи забележки
Забележка Без сведение за ориг. загл. - Офс. изд. - 1 000 тир.
650 #4 - Допълнително описание по предмет – тема
Основно описание – тема или топоним Човек - философски проблеми
9 (RLIN) 243384
650 #4 - Допълнително описание по предмет – тема
Основно описание – тема или топоним Антропология, философска
9 (RLIN) 252429
653 ## - Ключова дума – ненормативна
Ключова дума човек
653 ## - Ключова дума – ненормативна
Ключова дума философска антропология
653 ## - Ключова дума – ненормативна
Ключова дума ноосфера
653 ## - Ключова дума – ненормативна
Ключова дума есета
700 1# - Други автори (авторска отговорност)
Лично име Гечева, Ерма Албертова
Автороска отговорност (Описва отношението между автора и произведението) прев.
9 (RLIN) 367512
852 ## - Местоположение
Форматна сигнатура Цб 221681
856 4# - Електронен адрес и достъп
Електронен формат pdf - файл
Път до файла /url/
856 4# - Електронен адрес и достъп
Електронен формат pdf - файл
Път до файла /url/
942 ## - АРТИКУЛИ
Вид на библиотечния материал Книги
Скрит в OPAC Не
944 ## - СЪЗДАВАНЕ И РЕДАКЦИЯ на ЗАПИСА
Създаване/Редакция Създаване
Дата на регистрацията/редакция 12.11.2004
Статус, дата на статуса ф /
Служител, извършил регистрацията/редакцията Геновева_Генчева
944 ## - СЪЗДАВАНЕ И РЕДАКЦИЯ на ЗАПИСА
Създаване/Редакция Редакция
Дата на регистрацията/редакция 24.11.2015
Статус, дата на статуса ф /
Служител, извършил регистрацията/редакцията Людмила_Стоянова
999 ## - СИСТЕМНИ КОНТРОЛНИ НОМЕРА
Koha biblionumber 110866
Koha biblioitemnumber 110866
Наличности
Код за отписване Код за изгубен артикул Код за повреда Коз за рестрикции Код за отдаване Артикулен № Име на библиотеката - собственик Име на библиотеката, в която се намира в момента Статус (Текущо местоположение) Дата на вписване в системата Местоположение - отдел Цена в лева Инвентарен номер Систематично азбучна сигнатура Баркод Номер на екземпляра Цена в евро Служебна бележка Служебен тип на артикула
  Не е изгубен Не е повреден без рестрикции ползва се в читалня 178208 Регионална библиотека "Любен Каравелов" Русе Регионална библиотека "Любен Каравелов" Русе Хранилище 2004-11-12 Хранилище 9.00 120000690081 Цб 221681 120000690081 1 4.60 Дост: Dp Вид: Д N: 5 Дата: 21.01.2004 Книги
  Не е изгубен Не е повреден без рестрикции заемане за дома 178209 Регионална библиотека "Любен Каравелов" Русе Регионална библиотека "Любен Каравелов" Русе Заемна - подръчен фонд 2015-07-23 Заемна - подръчен фонд 9.00 120000790494 П 14/Ш 34 120000790494 2 4.60 Дост: DA Вид: А N: 13 Дата: 23.07.2015 Дата инв: 01.02.2018 Бележки инв: П2018 Книги
Vip Innovations Ltd, Rousse, Bulgaria 2025